zpět

Detail výsledku týmu

Barovna, Liberec

Datum a čas kvízu

25.5 Celkem bodů Celkový počet nahraných bodů na tomto kvízu bez doplňovacích otázek.
2. Pořadí na kvízu Konečné umístění týmu na tomto kvízu.

Zaznamenané odpovědi

# Otázka Odpověď Body Výsledky
1. Jedna státní instituce prostře... Státní ústav pro kontrolu léčiv 0
2. Na letišti v Helsinkách začali... psi 0
3. V pondělí bylo v pražském hist... Divadlo Lucie Bílé 1
4. Čtenáři serveru Aktuálně.cz hl... T-Mobile 1
5. Sotva skončila slavná Tour de... Arkéa-Samsic 1
6. Podle zdroje vody se rybníky d... říční rybník 0
7. Na obrázku vidíme dravou rybu,... candát 0
8. Jak se jmenuje červeně vyznače... Svět 1
9. Většina rybníků disponuje jist... česle / česlice 0
10. Dle návrhu Štěpánka Netolickéh... Zlatá stoka 0